000 00666nam a22002417a 4500
001 29167
003 UA-OsUOA
005 20230816102936.0
007 ta
008 20041001b un ||||| |||| 00| 0 ukr d
040 _aUA-OsUOA
_bukr
_cUA-OsUOA
_dUA-OsUOA
041 _aukr
044 _aUA
080 _a81'271
090 _a81'271
_bК56
100 _aКоваль А. П.
245 _aКультура української мови
_cА. П. Коваль
260 _aКиїв
_bНаукова думка
_c1964
300 _a196 с.
650 7 _2UDC
_a81`27 Соціолінгвістика. Вживання мови
942 _cBK
_2udc
955 _a0
999 _c315548
_d315548